| 000 | 00390 a2200145 4500 | ||
|---|---|---|---|
| 001 | 171313 | ||
| 020 | _a | ||
| 040 | _cMagnum | ||
| 100 | _aAquino, Eduardo | ||
| 240 | 1 | 0 |
_aO que os jovens gostariam de saber e os adultos tem dificuldade de res _lpor |
| 245 | 1 | 0 | _aO que os jovens gostariam de saber e os adultos tem dificuldade de res |
| 362 | 0 | _a1899 | |
| 697 | _aGERAL | ||
| 942 | _cBK | ||
| 999 |
_c171313 _d171313 |
||